000 00815nab a2200241 u 4500
001 21620
003 HDC
007 cr bn ---aaaaa
008 210309b20142014my d||ne |||| 00| 0 may d
040 _aHDC
245 0 _aPNB Darby Park mesra pelanggan Islam
_c/ Berita Harian
260 _aMalaysia:
_bNew Straits Times Press (M) Bhd.,
_c2014
300 _a1 online resource (page B6)
336 _atext
_2rdacontent
337 _acomputer
_2rdamedia
338 _aonline resource
_2rdacarrier
650 _aParks
_xReligious aspects
_xIslam
_916742
710 _aBerita Harian
856 _zRequest full-text at [email protected]
942 _2lcc
942 _cNEWS
942 _kNWSC 002759
999 _c18936
_d18936